Registered Quidditch Teams Quiz Stats

 Plays Quiz not verified by Sporcle

Also try: The Quidditch Quiz
Challenge
Share
Tweet
Embed
Score 0/29 Timer 05:00
0 Plays Today
% Correct
United Kingdom
93.1%
United States
89.7%
Italy
89.7%
Germany
86.2%
Canada
82.8%
Ireland
82.8%
France
82.8%
New Zealand
82.8%
Spain
79.3%
Mexico
75.9%
The Netherlands
72.4%
Sweden
72.4%
Finland
72.4%
Australia
72.4%
Brazil
69%
% Correct
Russia
69%
Portugal
65.5%
Argentina
58.6%
Poland
58.6%
South Africa
55.2%
Turkey
44.8%
China
44.8%
The Philippines
44.8%
India
41.4%
Guatemala
34.5%
Israel
34.5%
Uruguay
27.6%
Pakistan
24.1%
Iran
17.2%

You're not logged in!

Compare scores with friends on all Sporcle quizzes.
OR
Log In

You Might Also Like...

Show Comments

Extras

Top Quizzes Today


Score Distribution

Your Account Isn't Verified!

In order to create a playlist on Sporcle, you need to verify the email address you used during registration. Go to your Sporcle Settings to finish the process.

Report this User

Report this user for behavior that violates our Community Guidelines.

Details: